| 000 | 00417 a2200133 4500 | ||
|---|---|---|---|
| 001 | 87805 | ||
| 082 | _aPR 182 | ||
| 090 |
_c41267 _d41267 |
||
| 100 | _aAhmad Almasri, 2nd Lt 405151 71 EC | ||
| 245 | _aAdhesive stress analysis in single lap joint using different modelling techniques in ANSYS | ||
| 260 |
_aRisalpur _bNUST Risalpur _c2011 |
||
| 300 |
_av, 34p. _eSultan Mahmood, Gp Capt |
||
| 500 | _aBE Project Reports | ||
| 942 |
_aCAE NUST _kPR 182 |
||
| 999 |
_c322878 _d322878 |
||